000 01080nam0a22002771 4500
001 rc\2713778
005 20250529123741.0
035 _a(NLR Aleph) 006841657
090 _a6652207
_c6652207
100 _a20110915d1938 |||y0rusy50 ca
101 1 _arus
_cger
102 _aRU
105 _ay z |||||
200 1 _aКарл Бруннер
_eДля старш. возраста
_fАвториз. пер. с нем. Н. Фридланд
_gРис. Ю. Ганфа
210 _aМосква
_aЛенинград
_cДетиздат
_d1938
_eМосква
_gФ-ка детской книги Изд-ва
215 _a136 с.
_d20 см.
225 1 _aШкольная библиотека
700 1 _7ca
_8rus
_aБалаж
_bБ.
_f1884-1949
_gБела
_9215515
_3RU\NLR\AUTH\770215571
702 1 _4440
_aГанф
_bЮ. А.
_cхудожник
_f1898-1973
_gЮлий Абрамович
_9175550
_3RU\NLR\AUTH\770175601
702 1 _aФридланд
_bН.
_4730
801 0 _aRU
_bNLR
_gpsbo
801 1 _aRU
_bELAR
_2rusmarc
852 _aNLR
_j38-3/922
942 _cBOOK
980 _aNB